| 000 | 00550nam a2200145Ia 4500 | ||
|---|---|---|---|
| 008 | 151213s9999 xx 000 0 und d | ||
| 100 | _aসৈয়দ আলী আহসান। | ||
| 245 |
_aবিলবুন চেীর পঙ্কশিল। _cসৈয়দ আলী আহসান। |
||
| 260 |
_aঢাকা _bসৈয়দ আলী আহসান ট্রাষ্ট _c1992 |
||
| 300 | _a8443 p. | ||
| 650 | _aBangla | ||
| 650 | _aBengali Literature | ||
| 700 | _aসৈয়দ আলী আহসান। | ||
| 999 |
_c4281 _d4281 |
||